000 00687nam a22002057a 4500
008 130210t xxu||||| |||| 00| 0 eng d
020 _a9-7800-7131-4862
082 _222 ed.
_a338.6041 COR
100 _aCornett, Marcia Millon
_91874
245 _aFinance :
_bapplications and theory /
_c Marcia Millon Cornett, Troy A. Adair Jr and John Nofsinger
250 _a2 ed.
260 _aNew York :
_bMcGraw-Hill/Irwin
_c2012
300 _axxxiv, 702 P. ;
_bCol.ill. :
_c28 cm.
500 _aIncludes Index
650 _aFinance
_91875
650 _aFinance-applications and theory
_96861
700 _a Adair, Troy A Jr
_96862
700 _a Nofsinger, John
_96863
942 _2ddc
_cBK
999 _c5241
_d5241